V-13 BARBOROS HAYREDDİN PAŞA (Record no. 588797)
[ view plain ]
| 000 -LEADER | |
|---|---|
| sabit uzunluktaki kontrol alanı | 00283nam a2200109Ia 4500 |
| 001 - KONTROL NUMARASI | |
| kontrol alanı | 588797 |
| 005 - EN SON İŞLEMİN TARİH VE ZAMANI | |
| kontrol alanı | 20250717120837.0 |
| 008 - SABİT-UZUNLUKTA VERİ ÖĞELERİ--GENEL BİLGİ | |
| sabit uzunluktaki kontrol alanı | 250717s9999 xx 000 0 und d |
| 245 #0 - ESER / YAZAR | |
| ESER ADI | V-13 BARBOROS HAYREDDİN PAŞA |
| Yazar Adı | İSMAİL BİLGİN |
| 260 ## - YAYIN, DAĞITIM, VB. | |
| YAYIN EVİ | TİMAŞ YAYINLARI |
| Yayın, dağıtım tarihi, vb. | 2018 |
| 300 ## - FİZİKSEL AÇIKLAMA | |
| Diğer fiziksel ayrıntılar | 96 |
No items available.